Geography Quiz

Random Geography or World Quiz

Around the World in 12 Minutes Quiz Stats

Quiz Updated May 4, 2013

Challenge
Share
Tweet
Embed
Score 0/47 Timer 12:00
6 Plays Today
Clue Country % Correct
How about we start
in Canada
Canada
100%
Travel south by car
(let's say a Ford)
United States of America
98.1%
Race south by speedboatCuba
84.8%
Ride south by LlamaPeru
80.7%
Fly south to
get some coffee
Colombia
79.6%
Float east by river raftBrazil
76.4%
Travel south-west by muleArgentina
75.3%
Zoom south by snow plane (continent)Antarctica
74.3%
Travel east by snowmobile then north by sailboatSouth Africa
71.6%
Travel any which-way
by Pope-Mobile
Vatican City
62%
Travel west by gondolaItaly
61.9%
Travel north by alpine skiingSwitzerland
61.4%
Take the train north by ChunnelUnited Kingdom
61%
Travel east in a VWGermany
60.9%
Hitchhike west while backpackingFrance
60.4%
Fly west by PegasusGreece
59.2%
Saunter north by giraffeKenya
58.3%
Return any direction by tour busItaly
58.1%
Travel north by ferryNorway
57.7%
Travel north by runningEthiopia
57.6%
Travel north by JeepBotswana
57.5%
Snowshoe north then cross the border east by broken-down VWRussia
57.3%
Travel north by bicycleDenmark
56.7%
Float south-east by
hot-air balloon
Belgium
56%
Clue Country % Correct
Travel south by high-speed trainChina
55.3%
Travel east by running fasterSomalia
54.9%
Travel south-east across the plains by horseMongolia
54.8%
Travel north-east by mountain climbingTanzania
54.6%
Roll north by tankIraq
54.2%
Travel north by… oh, I don't know. Bus.Turkey
53.5%
Speed north by PorscheSaudi Arabia
53.4%
Travel south in a MiniLuxembourg
52.5%
Stampede north by elephantZambia
52.4%
Travel north by kayak
(have fun with that!)
Yemen
51.8%
Travel east by crowded trainIndia
50.1%
Ride waaaay north-westish
on Godzilla's back
Japan
50.1%
Fly south-east by bush plane
with a very large fuel tank
Australia
48.7%
Return north by Olympic Flame relayCanada
48.1%
Travel east by snorkelingNew Zealand
48%
Sneak north on footNorth Korea
47.9%
Travel south by crowded busPakistan
47.7%
Storm south by Blackhawk helicopterAfghanistan
47.5%
Travel west by junk boatSouth Korea
47.4%
Travel south by surfingSri Lanka
47.2%
Return east by long range missileUSA
45.7%
Maneuver west by horse and kartKazakhstan
45.1%
Travel south by hikingUzbekistan
43%

You're not logged in!

Compare scores with friends on all Sporcle quizzes.
Join for Free
OR
Log In

You Might Also Like...

Show Comments

Extras

Top Quizzes Today


Score Distribution

Your Account Isn't Verified!

In order to create a playlist on Sporcle, you need to verify the email address you used during registration. Go to your Sporcle Settings to finish the process.

Report this User

Report this user for behavior that violates our Community Guidelines.

Details: